Statistics for Wrestling General Knowledge #3

Click here to take the quiz!

General Stats

  • This quiz has been taken 209 times
  • The average score is 12 of 15

Answer Stats

HintAnswer% Correct
Which wrestler is known for telling their opponents to "Rest in Peace?"The Undertaker
99%
Which wrestler apparently murdered his wife and son before committing suicide in 2007?Chris Benoit
97%
Which professional wrestler has made granted more wishes with the Make-A-Wish Foundation than any other person?John Cena
96%
Who is the only person to have held both the UFC Heavyweight Championship and the WWE Championship?Brock Lesnar
94%
Who is the only woman to have held the WWF Intercontinental Championship?Chyna
94%
Which wrestler became mayor of Knox County, Tennessee in 2018?Kane
92%
Which former wrestler has founded his own yoga program, and also helped several other wrestlers overcome addictions and personal problems?Diamond Dallas Page
87%
Whose "Dungeon" wrestling school famously trained wrestlers such as Bret Hart, The British Bulldog, Chris Jericho, and Natalya?Stu Hart
86%
What is the name of WWE's developmental brand, based out of Full Sail University in Florida?NXT
85%
Who was head booker of ECW as well as its owner from 1995-2001?Paul Heyman
85%
What is the name for the period from 1995-2001 in which WWF's Monday Night Raw and WCW's Monday Nitro engaged in a head-to-head ratings battle?Monday Night Wars
82%
What was the name of World Championship Wrestling's largest pay-per-view event of the year?Starrcade
78%
Who won the first ever Royal Rumble match?"Hacksaw" Jim Duggan
74%
Whose winning streak was billed as the "longest undefeated streak in WWE history" at 914 days?Asuka
38%
Which legendary Mexican masked luchador wrestled for over 50 years, and also starred in a comic book for 35 years?El Santo
28%

Score Distribution

Percentile by Number Answered

Percent of People with Each Score

Your Score History

You have not taken this quiz